Vista normal
Vista MARC
- Varón, Francia
Entrada Nombre personal
Número de registros utilizados en: 16
001 - NÚMERO DE CONTROL
- campo de control: 41332
003 - IDENTIFICADOR DEL NÚMERO DE CONTROL
- campo de control: OSt
005 - FECHA Y HORA DE LA ÚLTIMA TRANSACCIÓN
- campo de control: 20200109095510.0
008 - DATOS DE LONGITUD FIJA
- campo de control de longitud fija: 200109|| aca||aabn | a|a d
040 ## - FUENTE DE LA CATALOGACIÓN
- Centro catalogador/agencia de origen: OSt
- Centro/agencia transcriptor: OSt
100 ## - ENCABEZAMIENTO-NOMBRE DE PERSONA
- Nombre de persona: Varón, Francia
670 ## - FUENTE DE DATOS ENCONTRADOS
- Cita de la fuente: Work cat.: (OSt)26517: Martínez L., Gerardo 33358, Microorganismos asociados a la Pudrición del cogollo de la palma de aceite y su inoculación en palmas de vivero, 2008